[Event "Ufa Summer A"]
[Site "Ufa"]
[Date "2016.06.10"]
[Round "6"]
[White "Akhmadeev, Rasul"]
[Black "Volkov, Vladislav2"]
[Result "0-1"]
[WhiteElo "1300"]
[BlackElo "1585"]
[PlyCount "62"]
[EventDate "2016.06.10"]
[EventType "tourn"]
[EventRounds "7"]
[EventCountry "RUS"]
[SourceTitle "EXT 2022"]
[Source "ChessBase"]
[SourceDate "2021.10.06"]
[SourceVersion "1"]
[SourceVersionDate "2021.10.06"]
[SourceQuality "1"]

1. e4 e6 2. d4 d5 3. e5 c5 4. c3 Nc6 5. Nf3 Qb6 6. a3 c4 7. g3 Bd7 8. Bh3 Nge7 9. Nbd2 Na5 10. Rb1 Rc8 11. 0-0 Ng6 12. Ne1 Be7 13. f4 0-0 14. Nc2 Rfd8 15. Nb4 Bxb4 16. axb4 Nc6 17. f5 exf5 18. Bxf5 Ncxe5 19. Bxg6 Nxg6 20. Qf3 Be6 21. Qf2 Rd7 22. Nf3 f6 23. Bd2 Re7 24. Rfe1 Rce8 25. h4 h5 26. Qg2 Bf5 27. Rxe7 Rxe7 28. Rf1 Be4 29. Qf2 Qe6 30. Kg2 Qg4 31. Be3 Nxh4+ 0-1